[Event "Buenos Aires Masters op"]
[Site "Buenos Aires"]
[Date "2023.06.19"]
[Round "7"]
[White "Duarte Fernandez, Agustin"]
[Black "Roepke, Sofia"]
[Result "1/2-1/2"]
[WhiteElo "1933"]
[BlackElo "1846"]
[PlyCount "92"]
[EventDate "2023.06.14"]
[EventType "swiss"]
[EventRounds "9"]
[EventCountry "ARG"]
[SourceTitle "CBM 215 Extra"]
[Source "ChessBase"]
[SourceDate "2023.09.30"]
[SourceVersion "1"]
[SourceVersionDate "2023.09.30"]
[SourceQuality "1"]

1. d4 d5 2. Bf4 Nf6 3. e3 e6 4. c3 Bd6 5. Bg3 c5 6. Nd2 Qc7 7. Ngf3 0-0 8. Ne5 Nfd7 9. f4 f6 10. Nd3 e5 11. dxe5 fxe5 12. Nf3 e4 13. Nde5 Nf6 14. Ng5 Nc6 15. Nxc6 bxc6 16. Be2 Bf5 17. h4 Qb6 18. Rb1 Rad8 19. Bf2 Qa5 20. 0-0 Qxa2 21. Qc2 Qa5 22. Ra1 Qb6 23. Ra6 Qb7 24. Rfa1 Bb8 25. b4 c4 26. Qd2 Qc8 27. Kh2 Rd7 28. Qd4 Rb7 29. Qc5 Bd7 30. Qd4 h6 31. Nh3 Kh8 32. Bg3 Ne8 33. Bf1 Nd6 34. R6a5 Nb5 35. Qd2 Bc7 36. R5a2 Bxh3 37. gxh3 h5 38. Be2 Rf5 39. Rc2 Bb6 40. Bf2 g6 41. Rg1 Qe6 42. Rg2 Rg7 43. Qc1 Qe7 44. Ra2 Bc7 45. Kg1 Qd7 46. Rd2 Qf7 1/2-1/2

[Event "Buenos Aires Masters op"]
[Site "Buenos Aires"]
[Date "2023.06.17"]
[Round "4"]
[White "Nesprias, Agustin"]
[Black "Duarte Fernandez, Agustin"]
[Result "0-1"]
[WhiteElo "1422"]
[BlackElo "1933"]
[PlyCount "64"]
[EventDate "2023.06.14"]
[EventType "swiss"]
[EventRounds "9"]
[EventCountry "ARG"]
[SourceTitle "CBM 215 Extra"]
[Source "ChessBase"]
[SourceDate "2023.09.30"]
[SourceVersion "1"]
[SourceVersionDate "2023.09.30"]
[SourceQuality "1"]

1. c4 e6 2. d4 d5 3. Nf3 Nf6 4. g3 Bb4+ 5. Nc3 Ne4 6. Bd2 Nxd2 7. Nxd2 dxc4 8. Bg2 Qxd4 9. Qa4+ Nc6 10. Bxc6+ bxc6 11. Qxb4 Ba6 12. Qa4 Qb6 13. Nxc4 Qb7 14. Na5 Qb6 15. Qxc6+ Qxc6 16. Nxc6 Bb7 17. Nb5 Bxc6 18. Nxc7+ Kd7 19. Nxa8 Bxh1 20. f3 Bg2 21. Kf2 Bh3 22. g4 h5 23. Rd1+ Ke7 24. Nc7 hxg4 25. f4 Rb8 26. Rd2 Rc8 27. Nb5 a6 28. Nd6 Rc1 29. Ne4 Rf1+ 30. Kg3 f5 31. Nc5 e5 32. fxe5 g5 0-1

[Event "ARG-ch U20"]
[Site "Buenos Aires"]
[Date "2023.02.19"]
[Round "6"]
[White "Duarte Fernandez, Agustin"]
[Black "Schnaider, Ilan"]
[Result "1-0"]
[WhiteElo "1910"]
[BlackElo "2229"]
[PlyCount "151"]
[EventDate "2023.02.17"]
[EventType "swiss"]
[EventRounds "9"]
[EventCountry "ARG"]
[SourceTitle "EXT 2024"]
[Source "ChessBase"]
[SourceDate "2023.10.10"]
[SourceVersion "1"]
[SourceVersionDate "2023.10.10"]
[SourceQuality "1"]

1. d4 Nf6 2. Bg5 d5 3. Bxf6 exf6 4. e3 Bd6 5. c3 Nc6 6. h4 h5 7. Nd2 Ne7 8. Bd3 c6 9. Ngf3 Bg4 10. c4 0-0 11. c5 Bc7 12. Qc2 Qd7 13. Nh2 Bf5 14. Bxf5 Nxf5 15. g4 Nxh4 16. 0-0-0 hxg4 17. Rdg1 Bxh2 18. Rxh2 Ng6 19. Nf1 f5 20. Ng3 Ne7 21. Rgh1 f6 22. Rh7 Kf7 23. R1h6 Kg8 24. Rh5 Kf7 25. Rxf5 Nxf5 26. Nxf5 Rg8 27. Nh6+ Kf8 28. Nxg8 Kxg8 29. Qg6 Re8 30. Qh5 Kf8 31. Rh8+ Ke7 32. Qg6 Rxh8 33. Qxg7+ Ke6 34. Qxg4+ Ke7 35. Qg7+ Ke6 36. Qxh8 Qe7 37. b4 a6 38. a4 Kf5 39. Qh5+ Ke6 40. b5 axb5 41. axb5 Qg7 42. Qh2 Qe7 43. bxc6 bxc6 44. Kd2 Kd7 45. Qb8 Qe6 46. Kc3 f5 47. Kd2 Qf6 48. Qe5 Qg6 49. Kc3 Kc8 50. Kb4 f4 51. Ka5 fxe3 52. Qxe3 Qh7 53. Qe8+ Kc7 54. Qa8 Qb1 55. Qa7+ Kc8 56. Qa6+ Kd7 57. f4 Qa1+ 58. Kb6 Qb2+ 59. Ka7 Qxd4 60. Qb7+ Kd8 61. Qxc6 Qxf4 62. Qxd5+ Ke7 63. Qb7+ Ke6 64. c6 Qd4+ 65. Kb8 Qf4+ 66. c7 Qg3 67. Qc8+ Ke7 68. Qd8+ Ke6 69. Qe8+ Kd5 70. Kc8 Kc5 71. Qe6 Kb5 72. Kd8 Qh4+ 73. Kd7 Qd4+ 74. Ke7 Qc5+ 75. Kd8 Qg5+ 76. Qe7 1-0

[Event "ARG-ch sf 97th"]
[Site "Buenos Aires"]
[Date "2022.09.12"]
[Round "6"]
[White "Duarte Fernandez, Agustin"]
[Black "Dolezal, Cristian"]
[Result "0-1"]
[WhiteElo "1564"]
[BlackElo "2361"]
[PlyCount "62"]
[EventDate "2022.09.08"]
[EventType "swiss"]
[EventRounds "9"]
[EventCountry "ARG"]
[SourceTitle "CBM 210 Extra"]
[Source "ChessBase"]
[SourceDate "2022.11.30"]
[SourceVersion "1"]
[SourceVersionDate "2022.11.30"]
[SourceQuality "1"]

1. d4 d6 2. Bf4 f6 3. e3 e5 4. Bg3 Nh6 5. Bd3 Qe7 6. Nc3 c6 7. dxe5 dxe5 8. Nf3 Be6 9. Bh4 Nd7 10. 0-0 Nf7 11. Bg3 0-0-0 12. Qe2 Nd6 13. a4 g5 14. a5 h5 15. h4 Bg4 16. a6 b6 17. Rad1 gxh4 18. Bh2 f5 19. e4 f4 20. b4 Rg8 21. b5 c5 22. Nd5 Qg7 23. Kh1 Bh3 24. g3 hxg3 25. fxg3 fxg3 26. Bxg3 Bxf1 27. Rxf1 Qxg3 28. Nh2 Re8 29. Ne3 Bh6 30. Nf5 Nxf5 31. exf5 Be3 0-1

[Event "ARG-ch 96th"]
[Site "Buenos Aires"]
[Date "2022.06.08"]
[Round "7"]
[White "Villarreal, Agustin"]
[Black "Duarte Fernandez, Agustin"]
[Result "1-0"]
[WhiteElo "2140"]
[BlackElo "1353"]
[PlyCount "99"]
[EventDate "2022.06.02"]
[EventType "swiss"]
[EventRounds "11"]
[EventCountry "ARG"]
[SourceTitle "CBM 208 Extra"]
[Source "ChessBase"]
[SourceDate "2022.07.31"]
[SourceVersion "1"]
[SourceVersionDate "2022.07.31"]
[SourceQuality "1"]

1. d4 Nf6 2. c4 g6 3. Nc3 Bg7 4. e4 d6 5. h3 Nbd7 6. Be3 e5 7. d5 a6 8. g4 h5 9. g5 Nh7 10. Nf3 0-0 11. Be2 Qe7 12. Qc2 c6 13. h4 f6 14. gxf6 Ndxf6 15. Nh2 cxd5 16. cxd5 Bd7 17. Rg1 Be8 18. 0-0-0 Rc8 19. f3 b5 20. Qb3 Nd7 21. Kb1 Qxh4 22. Nf1 Nc5 23. Qa3 Qe7 24. Bxc5 Rxc5 25. Qxa6 b4 26. Na4 Bxa4 27. Qxa4 Rfc8 28. Nd2 Qf6 29. Qxb4 Nf8 30. Nb3 R5c7 31. Na5 Rc2 32. Rd2 Rxd2 33. Qxd2 Kh7 34. Nc6 Bh6 35. Qb4 Rc7 36. a4 Be3 37. Rd1 Nd7 38. Qa3 Qg5 39. Qxd6 Rb7 40. Qe7+ Qxe7 41. Nxe7 Bd4 42. Bb5 Nf8 43. Nc6 h4 44. f4 Bf2 45. Nxe5 Bg3 46. Nf3 Kh6 47. d6 Rf7 48. f5 Rf6 49. d7 Nxd7 50. Bxd7 1-0